Wszystkie tomy Dziennika Cwaniaczka - Statystyki

Ogólne statystyki
  • Ten quiz został rozwiązany 33 razy
  • Średni wynik to 13 z 18
Statystyki odpowiedzi
Numeracja Odpowiedź % Poprawnych
1 tom Dziennik Cwaniaczka
100%
6 tom Biała gorączka
82%
2 tom Rodrick rządzi
82%
4 tom Ubaw po pachy
82%
8 tom Zezowate szczęście
82%
13 tom Jak po lodzie
76%
10 tom Stara bieda
76%
3 tom Szczyt wszystkiego
76%
5 tom Przykra prawda
71%
11 tom Ryzyk fizyk
71%
14 tom Totalna demolka
71%
12 tom No to lecimy
65%
7 tom Trzeci do pary
65%
9 tom Droga przez męke
59%
17 tom Więcej czadu
59%
18 tom Główka pracuje
53%
16 tom Krótka piłka
53%
15 tom Zupełne dno
53%
Nie znaleziono quizów pasujących do podanych kryteriów
Rozkład punktacji
Procent ludzi z każdym wynikiem
Percentyl według liczby udzielonych odpowiedzi
Twoja historia wyników
Nie rozwiązałeś tego quizu